000 00655nmc a2200265 a 4500
003 AR-BaBNM
005 20251128211541.0
008 194120s1997 ||||||||||||||000 | spa||
020 _a0-435-27175-X
040 _cAR-BaBNM
100 1 _aWithney, Norman
245 1 0 _aThe sky´s the limit
260 _aOxford
_bHeinemann
_c1997
300 _a31 p.
_bil.
490 0 _aHeinemann Guided readers
500 _aNivel inicial
650 4 _aENSENANZA DE IDIOMAS
650 4 _aINGLES
650 4 _aCUENTOS
653 _aLITERATURA DIDACTICA
700 1 _aWebster, David
_eilustrador
800 1 _aMilne, John
942 _cBK
998 _cEugenia
999 _c20145
_d20145